Nosotros los hombres

Zapisane w:
Opis bibliograficzny
1. autor: Debravo, Jorge
Format: Książka
Język:Spanish
Wydane: San José, Costa Rica Editorial Costa Rica 1977
Hasła przedmiotowe:
Etykiety: Dodaj etykietę
Nie ma etykietki, Dołącz pierwszą etykiete!

MARC

LEADER 00000nam a22000007a 4500
008 180504b xxu||||| |||| 00| 0 spa d
040 |a cru BVZT 
090 |a 868 D-2n 
100 |a Debravo, Jorge  
245 |a Nosotros los hombres  |c Jorge Debravo 
260 |a San José, Costa Rica  |b Editorial Costa Rica  |c 1977 
300 |a 112 páginas 
650 |a LITERATURA COSTARRICENSE  
650 |a POESÍA COSTARRICENSE  
999 |c 30472  |d 30472 
942 |c 4 D  |h 868 D-2n  |2 z